000
00279nam a22001337a 4500
008
210304b ||||| |||| 00| 0 eng d
041
_a
eng
080
_a
51
082
_a
51
100
_a
37
101
_a
MAT
245
_a
Structuring Mathematics
_c
Deans, E
942
_2
udc
_c
BK
999
_c
55756
_d
55756